00404nam a2200145Ia 4500008004100000082001000041100001400051245002100065260001200086630002100098730002100119942000900140999001900149952009000168100328s9999 xx 000 0 und d b16867 aGold Jean aThat Dunbar Boy. bBerkley aThat Dunbar Boy. aThat Dunbar Boy. cBOOK c511502d511499 00104070aRNVbRNVd2010-03-28l0pRNV-16867r2010-03-28 00:00:00w2010-03-28yBOOK